| 000 | 01555nam0a2200325 4500 | ||
|---|---|---|---|
| 001 | RU\NLR\bibl\1445352 | ||
| 005 | 20260405190014.0 | ||
| 010 |
_a978-5-7256-0536-5 _9500 |
||
| 021 |
_aRU _b2009-80645 _95059 |
||
| 035 | _a(NLR Aleph) 001437189 | ||
| 090 |
_a1439918 _c1439918 |
||
| 100 | _a20091130d2009 |||y0rusy50 ca | ||
| 101 | 0 | _arus | |
| 102 | _aRU | ||
| 105 | _ay ||||||||| | ||
| 200 | 1 |
_aПравоведение _eучебное пособие _fМ.Г. Галахтин, С.А. Казьмина, Л.Ю. Леонова _gМ-во образования и науки Рос. Федерации, Федер. агентство по образованию, Моск. гос. ин-т электрон. техники (техн. ун-т) |
|
| 205 | _aИзд. 2-е, доп. | ||
| 210 |
_aМосква _cМИЭТ _d2009 |
||
| 215 |
_a112 с. _d20 |
||
| 320 | _aБиблиогр. в конце разделов | ||
| 606 | 1 |
_aПраво _jУчебные издания для высших учебных заведений _yРоссийская Федерация _92070216 _3RU\NLR\auth\661244932 |
|
| 686 | _aХ62я73 | ||
| 700 | 1 |
_aГалахтин _bМ. Г. _gМихаил Геннадьевич _4070 |
|
| 701 | 1 |
_aКазьмина _bС. А. _gСветлана Альектовна _4070 |
|
| 701 | 1 |
_4070 _8rus _7ca _aЛеонова _bЛ. Ю. _cканд. юрид. наук _gЛюдмила Юрьевна _3RU\NLR\auth\7782234 _965162 |
|
| 801 | 0 |
_aRU _bNLR _c20091130 _gRCR |
|
| 801 | 1 |
_aRU _bNLR _c20091130 |
|
| 942 | _cBOOK | ||
| 980 | _aNB | ||